[Event "DSOL 07 Liga Gr-A 1st"]
[Site "Playchess.com INT"]
[Date "2020.07.27"]
[Round "6.4"]
[White "Meyer, Harald"]
[Black "Franke, Lukas"]
[Result "0-1"]
[WhiteElo "1148"]
[BlackElo "1428"]
[PlyCount "110"]
[EventDate "2020.06.22"]
[EventType "team-tourn (rapid)"]
[EventCountry "GER"]
[SourceTitle "EXT 2021"]
[Source "ChessBase"]
[SourceDate "2020.10.23"]
[SourceVersion "1"]
[SourceVersionDate "2020.10.23"]
[SourceQuality "1"]
[WhiteTeam "Hamburger SK IX"]
[BlackTeam "Koenigsjaeger Sued West II"]
[WhiteTeamCountry "GER"]
[BlackTeamCountry "GER"]

1. d4 d6 2. Nf3 Nd7 3. Bf4 Ngf6 4. h3 c6 5. e3 e5 6. dxe5 Nxe5 7. Nxe5 Qa5+ 8. b4 Qxb4+ 9. c3 Qb2 10. Nxf7 Kxf7 11. Nd2 Bf5 12. Bc4+ d5 13. Bb3 Qxc3 14. 0-0 Bb4 15. Nf3 Ba3 16. Be5 Qd3 17. Qe1 Rhe8 18. Bd4 h6 19. Ne5+ Rxe5 20. Bxe5 Qe4 21. Bh2 Re8 22. Qa5 Qb4 23. Qc7+ Re7 24. Qd8 Re8 25. Qc7+ Kf8 26. Qf4 Qxf4 27. Bxf4 Bb2 28. Rad1 Be5 29. Rde1 Ne4 30. Bxe5 Rxe5 31. Rd1 Be6 32. f4 Rf5 33. Bc2 Rf6 34. Bxe4 dxe4 35. a3 Bd5 36. Rc1 Rf7 37. g4 Ke7 38. h4 b5 39. Rb1 a6 40. a4 Rf8 41. a5 Rb8 42. g5 h5 43. Rf2 Kf7 44. f5 b4 45. g6+ Kf6 46. Rbb2 b3 47. Rg2 Rb5 48. Rg5 Rxa5 49. Rxh5 Ra2 50. Rb1 Rc2 51. Rg5 b2 52. Rg2 Rc1+ 53. Rxc1 bxc1Q+ 54. Kh2 Qxe3 55. h5 Qh6 0-1

[Event "Mittelfranken-chTB2b 1920"]
[Site "Mittelfranken"]
[Date "2020.02.02"]
[Round "5.7"]
[White "Meyer, Harald"]
[Black "Eichhorn, Andreas1"]
[Result "1/2-1/2"]
[WhiteElo "1630"]
[BlackElo "1647"]
[PlyCount "95"]
[EventDate "2019.10.13"]
[EventType "team-tourn"]
[EventRounds "9"]
[EventCountry "GER"]
[SourceTitle "EXT 2023"]
[Source "ChessBase"]
[SourceDate "2022.10.05"]
[SourceVersion "1"]
[SourceVersionDate "2022.10.05"]
[SourceQuality "1"]
[WhiteTeam "Grossenseebach"]
[BlackTeam "Postbauer Heng II"]
[WhiteTeamCountry "GER"]
[BlackTeamCountry "GER"]

1. Nf3 Nf6 2. d4 g6 3. c4 Bg7 4. Nc3 0-0 5. e4 d6 6. h3 b6 7. Bd3 Bb7 8. Be3 e6 9. 0-0 c5 10. d5 exd5 11. exd5 Re8 12. Qd2 a6 13. Rfe1 Qc7 14. Bh6 Nbd7 15. Bxg7 Kxg7 16. Rxe8 Rxe8 17. Re1 Qd8 18. Rxe8 Qxe8 19. Qf4 Qe7 20. Kf1 Nh5 21. Qe3 Qxe3 22. fxe3 f5 23. Kf2 Nhf6 24. b3 h6 25. Kg3 Kf7 26. e4 fxe4 27. Nxe4 Nxe4+ 28. Bxe4 Nf6 29. Bd3 g5 30. Kf2 Bc8 31. g4 Bd7 32. a4 Ne8 33. Ke3 Kf6 34. Kf2 Nc7 35. Kg3 Be8 36. Bf5 Bg6 37. Bxg6 Kxg6 38. h4 Ne8 39. hxg5 hxg5 40. Kf2 Nf6 41. Nh2 Nd7 42. Ke3 Ne5 43. Ke4 Kf6 44. Ke3 Nf7 45. Ke4 Nh6 46. Ke3 Ke5 47. Nf3+ Kf6 48. Nh2 1/2-1/2

[Event "Hamburg HSK Christmas op 4th"]
[Site "Hamburg"]
[Date "2018.12.30"]
[Round "7"]
[White "Meyer, Harald"]
[Black "Mueller, Nico"]
[Result "0-1"]
[WhiteElo "1282"]
[BlackElo "1546"]
[PlyCount "48"]
[EventDate "2018.12.27"]
[EventType "swiss"]
[EventRounds "7"]
[EventCountry "GER"]
[SourceTitle "CBM 188 Extra"]
[Source "ChessBase"]
[SourceDate "2019.02.28"]
[SourceVersion "1"]
[SourceVersionDate "2019.02.28"]
[SourceQuality "1"]

1. Nf3 c5 2. e4 d6 3. Bc4 Nf6 4. d3 Nc6 5. Be3 b6 6. a3 e6 7. Nc3 d5 8. exd5 exd5 9. Bb5 Bd7 10. Qe2 Be7 11. Bg5 0-0 12. 0-0 Re8 13. Qd2 d4 14. Bxf6 dxc3 15. Bxe7 Nxe7 16. Qxc3 Bxb5 17. Rfe1 Ng6 18. h3 Qd5 19. Re4 Rxe4 20. dxe4 Qxe4 21. Re1 Qf5 22. Ne5 Re8 23. Nf3 Rxe1+ 24. Qxe1 Qxc2 0-1

[Event "Mittelfranken-chTB2a 1011"]
[Site "Germany"]
[Date "2011.05.15"]
[Round "9.6"]
[White "Staehle, Philipp"]
[Black "Meyer, Harald"]
[Result "0-1"]
[WhiteElo "1729"]
[BlackElo "1764"]
[PlyCount "47"]
[EventDate "2010.09.26"]
[EventType "team-tourn"]
[EventRounds "9"]
[EventCountry "GER"]
[SourceTitle "EXT 2012"]
[Source "ChessBase"]
[SourceDate "2011.11.24"]
[SourceVersion "1"]
[SourceVersionDate "2011.11.24"]
[SourceQuality "1"]
[WhiteTeam "Erlangen 44/88 II"]
[BlackTeam "Grossenseebach"]
[WhiteTeamCountry "GER"]
[BlackTeamCountry "GER"]

1. e4 c5 2. Nf3 e6 3. Nc3 a6 4. g3 Nc6 5. Bg2 d6 6. 0-0 Nf6 7. d3 Be7 8. Re1 0-0 9. e5 dxe5 10. Nxe5 Nxe5 11. Rxe5 Ra7 12. Bg5 Qd4 13. Qe2 b6 14. Re1 Bb7 15. Rxe6 fxe6 16. Qxe6+ Rf7 17. Qxb6 Ng4 18. Be3 Nxe3 19. Qxa7 Nxg2 20. Re2 Bc6 21. Qxa6 Qf6 22. Qc8+ Bf8 23. Nd1 Qf3 24. Qe6 0-1

[Event "Mittelfranken-chT 0405"]
[Site "Germany"]
[Date "2005.01.23"]
[Round "5.6"]
[White "Meyer, Harald"]
[Black "Steinmueller, Alexander"]
[Result "1/2-1/2"]
[WhiteElo "1782"]
[BlackElo "2015"]
[PlyCount "83"]
[EventDate "2004.10.17"]
[EventType "team-tourn"]
[EventRounds "9"]
[EventCountry "GER"]
[SourceTitle "EXT 2007"]
[Source "ChessBase"]
[SourceDate "2006.11.23"]
[SourceVersion "1"]
[SourceVersionDate "2006.11.23"]
[SourceQuality "1"]

1. Nf3 d6 2. d4 g6 3. e4 Bg7 4. c4 Nf6 5. Nc3 0-0 6. Be2 e5 7. dxe5 dxe5 8. Qxd8 Rxd8 9. Bg5 Nbd7 10. 0-0-0 Rf8 11. h3 c6 12. Rd2 Nc5 13. Bxf6 Bxf6 14. Rhd1 Bg7 15. b4 Na6 16. Rb2 f5 17. Kc2 fxe4 18. Nxe4 Bf5 19. Bd3 Bxh3 20. gxh3 Rxf3 21. b5 cxb5 22. Rxb5 b6 23. Bf1 Rf4 24. Bg2 Raf8 25. Kc3 Nc7 26. Rbb1 Ne6 27. Rd7 R4f7 28. Rbd1 Nd4 29. Rd5 Rc7 30. Bf1 b5 31. c5 a5 32. a3 h5 33. Rd2 Ra8 34. Rb2 Rb7 35. Rd6 Kh7 36. Bd3 Rc8 37. Ng5+ Kh8 38. Ne4 Kh7 39. Ng5+ Kh8 40. Ne4 Rc6 41. Rxc6 Nxc6 42. Rxb5 1/2-1/2

[Event "Seebach op 15th"]
[Site "Grossenseebach"]
[Date "2004.06.17"]
[Round "7"]
[White "Gueldner, Udo"]
[Black "Meyer, Harald"]
[Result "1-0"]
[WhiteElo "1760"]
[BlackElo "1782"]
[PlyCount "63"]
[EventDate "2004.06.17"]
[EventType "swiss"]
[EventRounds "7"]
[EventCountry "GER"]
[SourceTitle "EXT 2018"]
[Source "ChessBase"]
[SourceDate "2017.10.13"]
[SourceVersion "1"]
[SourceVersionDate "2017.10.13"]
[SourceQuality "1"]

1. d4 Nf6 2. Nf3 d5 3. Bf4 e6 4. e3 Bd6 5. Bg3 a6 6. Nbd2 c6 7. Bd3 0-0 8. 0-0 Qc7 9. Bxd6 Qxd6 10. Ne5 c5 11. c3 Nc6 12. f4 c4 13. Bc2 Bd7 14. Qe1 Ne7 15. Rf3 Ng6 16. g4 Qe7 17. Nxg6 hxg6 18. Qh4 Rfd8 19. Rh3 Kf8 20. Qh8+ Ng8 21. Nf3 f5 22. g5 Be8 23. Ne5 Bf7 24. Rh7 Be8 25. Bd1 Rac8 26. h4 Rc7 27. h5 gxh5 28. Bxh5 Bxh5 29. Rxh5 Qe8 30. Rh7 Rdc8 31. Kf2 Re7 32. Rah1 1-0